Rückwärts geschriebene Wörter richtig schreiben - Statistiken

Allgemein
  • Dieses Quiz wurde 152 mal gespielt
  • Das Durchschnittsergebnis liegt bei 12 aus 22
Antwortstatistiken
Rückwärts Vorwärts % Korrekt
leduN Nudel
89%
loritdüS Südtirol
89%
fpokhcsuD Duschkopf
86%
rodoehT Theodor
86%
lefpA Apfel
85%
nebraF Farben
83%
oniK Kino
83%
muabnennaT Tannenbaum
82%
ouD Duo
81%
oruE Euro
81%
nehciezeseL Lesezeichen
80%
erhÄ Ähre
79%
enanaB Banane
79%
salG Glas
79%
remmaH Hammer
79%
gewheG Gehweg
77%
dlaraH Harald
77%
retsiemedaB Bademeister
75%
enriB Birne
75%
egarF Frage
75%
lethciW Wichtel
75%
oirT Trio
74%
oettaM Matteo
73%
nethcirhcaN Nachrichten
73%
tnaruatseR Restaurant
73%
nesaR Rasen
72%
hcirdeirF Friedrich
71%
lebaG Gabel
71%
iwiK Kiwi
71%
nlöK Köln
71%
ränoilliM Millionär
71%
ieziloP Polizei
71%
ttetrauQ Quartett
71%
nofeleT Telefon
71%
legnE Engel
70%
sarG Gras
70%
lefföL Löffel
70%
lietroV Vorteil
70%
lepmA Ampel
69%
ngiseD Design
69%
enozregnägßuF Fußgängerzone
69%
dneguJ Jugend
69%
grewZ Zwerg
69%
fohnhaB Bahnhof
67%
retiebrauaB Bauarbeiter
67%
niewhülG Glühwein
67%
gnudielK Kleidung
67%
rebierhcsleguK Kugelschreiber
67%
darrotoM Motorrad
67%
Öl
67%
llatsedrefP Pferdestall
67%
erehcS Schere
67%
nhablieS Seilbahn
67%
etteW Wette
67%
anaiD Diana
64%
lekniD Dinkel
64%
lemmuH Hummel
64%
darkneL Lenkrad
64%
notrakhcliM Milchkarton
64%
gnufürP Prüfung
64%
leshceW Wechsel
64%
znelboK Koblenz
63%
redlemhcuaR Rauchmelder
63%
ixaT Taxi
63%
tsefskloV Volksfest
63%
enhüB Bühne
62%
subolG Globus
62%
ginöK König
62%
muesuM Museum
62%
tspaP Papst
62%
leffotraK Kartoffel
61%
neiW Wien
61%
gnunffoH Hoffnung
60%
sibrüK Kürbis
60%
siaM Mais
60%
neinewolS Slowenien
60%
enretS Sterne
60%
reuetS Steuer
60%
hcutnehcsaT Taschentuch
60%
ehcsturressaW Wasserrutsche
60%
llafuZ Zufall
60%
nedserD Dresden
59%
esoD Dose
58%
ehcriK Kirche
58%
retsieM Meister
58%
uruaN Nauru
58%
nessiK Kissen
57%
azziP Pizza
57%
ennoS Sonne
57%
ßeipS Spieß
57%
renöD Döner
56%
knabretsneF Fensterbank
56%
nekcolfrefaH Haferflocken
56%
sanoJ Jonas
56%
kisuM Musik
56%
esuaP Pause
56%
ziuQ Quiz
56%
mliF Film
55%
essaT Tasse
55%
oediV Video
55%
guZ Zug
55%
nuaznetraG Gartenzaun
54%
semriK Kirmes
54%
naezO Ozean
54%
mmargorP Programm
54%
reheiznebuarhcS Schraubenzieher
54%
ehuhcstropS Sportschuhe
54%
esohfpmurtS Strumpfhose
54%
leinaD Daniel
53%
darrhaF Fahrrad
53%
esoH Hose
53%
uabueN Neubau
53%
ietraP Partei
53%
egnaZ Zange
53%
sualppA Applaus
50%
ttirtfuA Auftritt
50%
eesgreB Bergsee
50%
enihcsamrhoB Bohrmaschine
50%
relznaksednuB Bundeskanzler
50%
lhutsorüB Bürostuhl
50%
rehesnreF Fernseher
50%
tseF Fest
50%
dlibneppurG Gruppenbild
50%
lettezdnaH Handzettel
50%
tkramrhaJ Jahrmarkt
50%
ehurslraK Karlsruhe
50%
essaK Kasse
50%
nettomalK Klamotten
50%
treznoK Konzert
50%
lemmihthcaN Nachthimmel
50%
tätilauQ Qualität
50%
adnauR Ruanda
50%
dnaS Sand
50%
nnameenhcS Schneemann
50%
takalplhaW Wahlplakat
50%
gnubreW Werbung
50%
tsruW Wurst
50%
tiehmmuD Dummheit
47%
ielznaK Kanzlei
47%
ognaM Mango
47%
legaN Nagel
47%
thcirretnU Unterricht
47%
sananA Ananas
46%
neknadeG Gedanken
46%
aremaK Kamera
46%
grubnednarbueN Neubrandenburg
46%
ppA App
45%
eluE Eule
45%
rerheL Lehrer
44%
lefuahcS Schaufel
44%
reipapfielhcS Schleifpapier
44%
retaehT Theater
44%
etepmorT Trompete
44%
ehcsathcuaB Bauchtasche
43%
ksoiK Kiosk
43%
dnaleesueN Neuseeland
43%
guzebztiS Sitzbezug
43%
fpoT Topf
43%
fpmaklhaW Wahlkampf
43%
nohpolyX Xylophon
43%
nnamsthcanhieW Weihnachtsmann
42%
tnevdA Advent
40%
mruthesnreF Fernsehturm
40%
edalokohcS Schokolade
40%
nekcebmmiwhcS Schwimmbecken
40%
dnartS Strand
40%
eitarkomeD Demokratie
38%
tiekgidniwhcseG Geschwindigkeit
38%
enretaL Laterne
38%
ressawzlaS Salzwasser
38%
assenaV Vanessa
38%
laasranelP Plenarsaal
37%
enitnaK Kantine
36%
eßartsllenhcS Schnellstraße
36%
tfitslamshcaW Wachsmalstift
36%
llabdnaH Handball
35%
dlihcsneßarts Straßenschild
35%
rotllabßuF Fußballtor
33%
znegilletnI Intelligenz
33%
lebakedaL Ladekabel
33%
retsinimreimerP Premierminister
33%
lefaT Tafel
33%
gnuldnahhcuB Buchhandlung
32%
gnuknärhcsebsretlA Altersbeschränkung
31%
thcusnheS Sehnsucht
31%
edlämeG Gemälde
30%
reipapsgnutieZ Zeitungspapier
30%
mynonyS Synonym
29%
elletsetlahsuB Bushaltestelle
27%
reguasbuatS Staubsauger
27%
lemmihcS Schimmel
22%
mrihcsdlibtratS Startbildschirm
10%
Keine übereinstimmenden Quizze gefunden
Verteilung der Resultate
Anzahl Personen mit jedem Resultat
Perzentil nach korrekt beantworteten Fragen
Ihre Resultats-Entwicklung
Sie haben dieses Quiz noch nicht gespielt